Normal view
MARC view
Entry Personal Name
001 - CONTROL NUMBER
- control field: 16533
003 - CONTROL NUMBER IDENTIFIER
- control field: ARRUPE
005 - DATE AND TIME OF LATEST TRANSACTION
- control field: 20150325171509.0
008 - FIXED-LENGTH DATA ELEMENTS
- fixed length control field: 150325|| aca||aabn | a|a d
040 ## - CATALOGING SOURCE
- Original cataloging agency: ARRUPE
- Transcribing agency: ARRUPE
100 ## - HEADING--PERSONAL NAME
- Personal name: Foster, Richard J.
670 ## - SOURCE DATA FOUND
- Source citation: Work cat.: (ARRUPE)0: Foster, Richard J., Richard J. Foster's Study Guide for Celebration of discipline :, c1978.